000 00715nam a2200289Ia 4500
005 20260324150640.0
008 008 260324s9999 xx 000 0 eng d
020 _a9781003479192
037 _aEBOOK
040 _aCRL
040 _beng
040 _cCRL
041 _2eng
041 _aeng
084 _qCRL
100 _aBarbara Wootton
_91159397
245 4 _aThe Social Foundations of Wage Policy
245 2 _bA Study of Contemporary British Wage and Salary Structure
260 _bTaylor and Francis
260 _c1955
365 _a
365 _b145
856 _uhttp://www.taylorfrancis.com/books/9781003479192
942 _cEBOOK
999 _c1836967
_d1836967